[Event "Vasteras Open 2018"]
[Site "Vasteras"]
[Date "2018.09.28"]
[Round "4"]
[White "Von Bahr, Oskar"]
[Black "Janse, Love"]
[Result "1/2-1/2"]
[WhiteElo "2418"]
[BlackElo "2214"]
[Annotator "TA"]
[PlyCount "90"]
[EventDate "2018.09.28"]
[EventCountry "SWE"]
[SourceTitle "playchess.com"]
[Source "ChessBase"]
[SourceQuality "1"]

{[%evp 18,90,31,-4,26,24,27,19,31,24,39,12,41,-41,77,13,20,14,0,0,0,0,0,0,0,-8,28,33,18,29,52,41,37,55,71,79,104,0,0,-129,-116,-116,-114,-4822,-4814,-29995,-29996,-29996,679,-29997,-526,-526,-524,-29999,-601,-556,-580,-29989,-424,-424,-416,-525,0,0,0,0,0,0,0,0,0,0,0,0,0]} 1. c4 {Ribli,Z} f5 2. g3 Nf6 3. Bg2 g6 4. Nc3 Bg7 5. d3 d6 6. e4 O-O 7. Nge2 Nc6 8. O-O e5 9. Nd5 Ne7 10. Bg5 {LiveBook: 6 Games} c6 {A26: English Opening vs King's Indian with ...Nc6 and d3} (10... Nexd5 {is interesting.} 11. cxd5 h6 12. Bd2 g5 13. Ba5 b6) (10... Nexd5 11. cxd5 h6 12. Bd2 g5 13. exf5 Bxf5 14. Qb3 Qe8 15. Rac1 Qh5 16. Nc3 Bxd3 17. Qxb7 Rab8 18. Qxc7 Rxb2 19. Nb1 Bxb1 20. Bc3 Rc2 21. Rxb1 Ng4 22. h3 Nxf2 23. Rb7 Nxh3+ 24. Bxh3 Rxf1+ {0-1 (24) Markowski,T (2629)-Neiksans,A (2487) Warsaw 2009}) 11. Nxf6+ Bxf6 12. Bxf6 Rxf6 13. d4 {[%cal Bd3d4,Bd4d5][%mdl 32] Black must now prevent dxe5.} Be6 14. d5 Bf7 15. f4 $146 (15. Qd2 $14) ({Predecessor:} 15. Qd2 fxe4 16. Nc3 cxd5 17. cxd5 Be8 18. Nxe4 {½-½ (37) Cekro,E (2419)-Bogut,Z (2403) Neum 2002 CBM 090 [Ribli,Z]}) 15... exf4 (15... Qb6+ $15 16. Kh1 fxe4 17. Bxe4 (17. Nc3 cxd5 18. cxd5 e3 $17) 17... Qxb2) 16. Nxf4 (16. Qd4 $16 Kg7 17. Rxf4 (17. Nxf4 Qb6 $14)) 16... fxe4 $11 17. Bxe4 Qb6+ 18. Rf2 cxd5 19. cxd5 Rf8 20. Qd2 g5 21. Nh3 $1 {[%cal Bf4h3,Bh3f2,Bf2g4][%mdl 32]} Rxf2 22. Nxf2 Bg6 23. Re1 Bxe4 24. Rxe4 Ng6 $1 25. Kg2 Rf5 26. Ng4 $1 {[%cal Rg4h6]} Kg7 {[#]} 27. Qc3+ ({Better is} 27. h4 $1 $16 {[%mdl 512]}) 27... Ne5 $1 28. Re2 (28. Nxe5 {leads to mate.} Qf2+ 29. Kh3 Qf1+ 30. Kg4 h5+ $1 {[%mdl 512]} 31. Kxh5 Qh3+ 32. Rh4 gxh4#) (28. Re1 $11) 28... Qb5 $1 $17 {[%csl LRd5,LRe2]} 29. Re1 {[%cal Rg4e5]} Qxd5+ $40 {[%mdl 128] Black wants a kill.} 30. Kh3 $2 {[%mdl 8192]} (30. Kg1 $17 Kg6 31. Nxe5+ dxe5 32. Qc2) 30... h5 $19 {[%csl Ge5][%cal Rh5g4]} 31. Ne3 g4+ 32. Kh4 {[#]} Kg6 $4 {[%mdl 8192]} (32... Qf7 $1 {[%mdl 512]} 33. Qxe5+ dxe5 34. Nd5 Qg6 35. h3 Qg5#) 33. Nxf5 $4 {[%mdl 8192]} (33. Nxd5 $18 Nf3+ 34. Qxf3 Rxf3 35. Nf4+ Kf5 36. Re2) 33... Nf3+ (33... Qf7 $142 34. Qe3 Qf6+ 35. Qg5+ Qxg5#) 34. Qxf3 Qxf3 {[%mdl 4096] Endgame KQ-KRN} 35. Nd4 Qf2 (35... Qf6# $142) 36. Re6+ Kf7 37. Re4 {Hoping for Rf4+.} Qxh2+ (37... Qf6+ $142 38. Kxh5 Qg6+ 39. Kh4 Qxe4 40. Nb5 Qe7+ 41. Kxg4 Qd7+ 42. Kh4 Qxb5 43. Kg4 Qxb2 44. a4 Qd4+ 45. Kg5 Qf6+ 46. Kh5 a5 47. h3 Qf5+ 48. Kh4 Kg6 49. g4 Qf2#) 38. Kg5 Qxg3 39. Nf5 Qg2 $2 (39... Qh2 $19 40. Re7+ Kf8) 40. Nxd6+ $11 {The position is equal.} Kf8 (40... Kg8 $5 41. Re8+ $8 Kg7 42. Re7+ Kh8 43. Re8+ Kg7 44. Re7+ Kh8 45. Re8+ Kg7 $11) 41. Re8+ Kg7 {Threatens to win with ...Qd2+.} 42. Re7+ Kf8 (42... Kg8 $5 43. Re8+ $8 Kh7 44. Re7+ Kg8 45. Re8+ Kh7 46. Re7+ Kh8 47. Re8+ Kh7 $11) 43. Re8+ Kg7 {...Qd2+ is the strong threat.} 44. Nf5+ Kf7 (44... Kh7 $5 45. Re7+ $8 Kg8 46. Re8+ Kf7 47. Nd6+ Kg7 $11) 45. Nd6+ Kg7 {Precision: White = 31%, Black = 48%.} 1/2-1/2

[Event "Vasteras Open 2018"]
[Site "Vasteras"]
[Date "2018.09.28"]
[Round "4"]
[White "Sjodahl, Pontus"]
[Black "Pantzar, Milton"]
[Result "1/2-1/2"]
[WhiteElo "2405"]
[BlackElo "2300"]
[Annotator "TA"]
[PlyCount "33"]
[EventDate "2018.09.28"]
[EventCountry "SWE"]
[SourceTitle "playchess.com"]
[Source "ChessBase"]
[SourceQuality "1"]

{[%evp 14,15,21,18]} 1. g3 d5 2. Bg2 g6 3. Nf3 Bg7 4. d4 Nf6 5. O-O O-O 6. c4 c6 7. cxd5 cxd5 8. Nc3 {Predecessor:} Ne4 $146 9. Ng5 Nxc3 10. bxc3 h6 11. Nh3 Nc6 12. Nf4 e6 13. e4 dxe4 14. Bxe4 Bd7 15. d5 exd5 16. Bxd5 Ne5 17. Bxb7 {½-½ (28) Aronian,L (2799)-Anand,V (2783) Saint Louis 2017} 1/2-1/2

[Event "Vasteras Open 2018"]
[Site "Vasteras"]
[Date "2018.09.28"]
[Round "4"]
[White "Lokander, Martin"]
[Black "Johansson, Gunnar"]
[Result "1-0"]
[WhiteElo "2384"]
[BlackElo "2252"]
[Annotator "TA"]
[PlyCount "103"]
[EventDate "2018.09.28"]
[EventCountry "SWE"]
[SourceTitle "playchess.com"]
[Source "ChessBase"]
[SourceQuality "1"]

{[%evp 20,103,22,19,24,18,6,-12,0,0,1,-24,-23,-21,13,-21,-21,-78,-75,-56,-69,-72,-70,-68,-44,-58,-53,-93,-94,-104,-102,-129,-16,-12,0,0,0,0,0,-36,3,0,0,0,45,41,33,5,19,0,0,0,0,0,0,0,0,0,0,0,7,8,154,162,150,156,183,179,176,112,119,108,225,225,234,214,216,201,310,285,353,263,563,545,541,526]} 1. d4 d5 2. c4 c6 3. Nc3 Nf6 4. e3 e6 5. Nf3 Nbd7 6. Qc2 b6 7. cxd5 cxd5 8. Nb5 {D45: Semi-Slav: 5 e3} Bb4+ 9. Bd2 Bxd2+ 10. Nxd2 O-O 11. Bd3 {LiveBook: 5 Games} a6 12. Qc6 $146 ({Predecessor:} 12. Nd6 b5 13. e4 dxe4 14. N2xe4 Nd5 15. O-O N7b6 16. Nxc8 Rxc8 {½-½ (64) Hjartarson,J (2565)-Johansen,T (2375) Stockholm 1996}) 12... Rb8 13. Nd6 Nc5 14. dxc5 Bd7 15. Nxf7 Rxf7 16. Qd6 Ne8 (16... bxc5 $5 {[%cal Rc5c4]} 17. b3 Bb5 18. Qxd8+ Rxd8 $11) 17. Qg3 bxc5 18. b3 (18. Qe5 $11) 18... Bb5 $36 {[%mdl 2048] Black is on the roll.} 19. Bxb5 axb5 20. a4 Ra8 21. O-O bxa4 22. bxa4 Rfa7 23. Qg4 Qd7 {[%cal Ra7a4]} 24. Nb3 Nf6 ({Reject} 24... Rxa4 $6 25. Nxc5 Rxg4 26. Nxd7 $11) 25. Qh3 c4 (25... Qd6 $17 26. Rac1 Rc7) 26. Nc5 $11 Qd6 {[#] Strongly threatening ...Re7.} 27. Nxe6 Rxa4 28. Rxa4 Rxa4 29. Rb1 Qb4 {[%cal Rb4b1]} (29... Rb4 {keeps more tension.} 30. Ra1 Qb8 31. g3 Rb1+ 32. Rxb1 Qxb1+ 33. Qf1 Qxf1+ 34. Kxf1 Kf7) 30. Rf1 (30. Qf5 {is interesting.} Qd6 31. h4 Ra8 32. Rd1 Re8 33. Nf4) 30... c3 31. Nd4 h6 32. Qc8+ Kh7 33. Qf5+ Kh8 34. h3 Qb2 35. Rb1 Ra1 36. Rxa1 Qxa1+ 37. Kh2 Qb2 38. g4 Qb8+ 39. Kg2 Qe8 40. Kg1 Qe4 (40... Qd8 $11 {keeps the balance.}) 41. Qc8+ $16 Kh7 42. Qxc3 h5 43. f3 Qe5 {intending ...Qg3+.} 44. Qc2+ (44. Qd3+ $18 Kg8 45. Kg2) 44... g6 45. Qf2 g5 (45... Ne8 $16 46. f4 Qe4) 46. Qc2+ Kg7 47. Nf5+ Kf7 48. Kg2 hxg4 (48... Qb8 $142 49. Qa2 Qd8) 49. hxg4 $18 Ne8 50. Qb1 Nd6 $2 {[#]} (50... Kf8 51. Qb7 Qe6 52. Qb4+ Kf7) 51. Nxd6+ Qxd6 52. Qf5+ {Precision: White = 56%, Black = 37%.} 1-0

[Event "Vasteras Open 2018"]
[Site "Vasteras"]
[Date "2018.09.28"]
[Round "4"]
[White "Livner, Anders"]
[Black "Marttala, Thomas"]
[Result "1-0"]
[WhiteElo "2372"]
[BlackElo "2177"]
[Annotator "TA"]
[PlyCount "73"]
[EventDate "2018.09.28"]
[EventCountry "SWE"]
[SourceTitle "playchess.com"]
[Source "ChessBase"]
[SourceQuality "1"]

{[%evp 22,73,4,11,45,41,37,48,38,36,110,97,117,89,112,87,85,85,91,18,14,8,109,129,112,27,45,40,63,47,49,49,50,60,55,0,110,113,94,94,100,98,197,171,181,38,127,100,82,94,91,0,97,7]} 1. d4 d5 2. c4 dxc4 3. Nf3 a6 4. e4 b5 5. a4 Bb7 6. axb5 axb5 7. Rxa8 Bxa8 8. Nc3 e6 9. Nxb5 {D21: Queen's Gambit Accepted: 3 Nf3 sidelines} Bxe4 10. Bxc4 Bb4+ (10... Nf6 11. O-O Bxf3 12. Qxf3 c6 13. Nc3 Qxd4 14. Qf4 Qxf4 15. Bxf4 Nbd7 {½-½ (15) Mastrovasilis,A (2473)-Parligras,M (2614) Banja Vrujci 2017}) 11. Nc3 Ne7 12. O-O {LiveBook: 3 Games} Bxc3 (12... Bxf3 $5 13. Qxf3 O-O $14) 13. bxc3 O-O 14. Ba3 Re8 15. Re1 Bg6 $146 (15... Bd5 $14 16. Bb5 Bc6 17. Bxe7 Qxe7 18. Bxc6 Nxc6) ({Predecessor:} 15... Bd5 16. Bf1 Ng6 {½-½ (40) Kohlweyer,B (2365)-Van der Sterren,P (2500) Groningen 1989}) 16. Ne5 Nd5 17. Qf3 {aiming for Bb5.} c6 18. h3 Qc7 19. Bc5 Nd7 {[#]} 20. Nxd7 (20. Nxc6 $1 $16 Nxc5 21. Bxd5) 20... Qxd7 $11 21. Ra1 e5 (21... Qb7 $11) 22. dxe5 $16 Rxe5 23. Bd4 (23. Bxd5 $16 Qe8 24. Bxc6 Re1+ 25. Rxe1 Qxe1+ 26. Kh2 Qe5+ 27. Qg3 Qxc5 28. Qb8+ Qf8 29. Qxf8+ Kxf8 30. c4) 23... Re8 $11 24. Qg3 Qf5 25. Ra6 $40 {[%mdl 128] White attacks.} Qd7 26. Kh2 h6 27. h4 {[#] h5! is the strong threat.} h5 $1 28. Bd3 (28. Ra7 $14 Qe6 29. Qg5) 28... Qc7 (28... Nxc3 $11 29. Bxc3 Qxd3 30. Rxc6 Qf5) 29. Bxg6 $16 {Black must now prevent Be5!} Qxg3+ 30. Kxg3 fxg6 31. Rxc6 {[%mdl 4096] Endgame KRB-KRN} Kh7 (31... Ne7 $16 {was worth a try.} 32. Rc7 Nf5+ 33. Kf4 Re2) 32. Kh2 Re4 33. f3 ({White must play} 33. g3 $18) 33... Re2 (33... Rxh4+ $14 34. Kg1 Rf4) 34. Kg3 Ne7 35. Rc7 Nf5+ 36. Kh2 (36. Kh3 $16) 36... Rd2 (36... Nxh4 $11 {keeps the balance.} 37. Bf6 (37. Rxg7+ Kh6 $11) (37. Bxg7 Nxf3+ 38. Kg3 Ne1 $11) 37... Nxf3+ 38. Kh3 Re3) 37. Ra7 {[%mdl 32768] Precision: White = 29%, Black = 37%. . Loss on Time!?} (37. Be5 $16) 1-0

[Event "Vasteras Open 2018"]
[Site "Vasteras"]
[Date "2018.09.28"]
[Round "4"]
[White "Bellon Lopez, Juan Manuel"]
[Black "Nordebrink, Johan"]
[Result "1-0"]
[WhiteElo "2342"]
[BlackElo "2146"]
[Annotator "TA"]
[PlyCount "68"]
[EventDate "2018.09.28"]
[EventCountry "SWE"]
[SourceTitle "playchess.com"]
[Source "ChessBase"]
[SourceQuality "1"]

{[%evp 9,68,33,178,139,141,62,136,144,148,152,162,144,174,179,180,168,173,138,131,117,88,72,322,343,325,320,297,127,330,19,118,119,320,330,298,320,519,537,504,114,404,441,442,459,451,454,440,426,451,448,454,447,530,430,636,611,634,630,628,602,755]} 1. d4 Nf6 2. Bg5 e6 {[#]} 3. e4 $1 {[%mdl 512]} c5 (3... Nxe4 4. Bxd8) 4. d5 Qb6 (4... h6 5. Bxf6 Qxf6 6. Nc3 a6 7. Nf3 e5 8. a4 d6 9. Be2 g6 10. O-O Bg7 11. Nd2 O-O 12. Nc4 {½-½ (38) Kanep,M (2485)-Piorun,K (2657) Tallinn 2016}) 5. Nc3 d6 ({Black should play} 5... Qxb2 $14 6. Nge2 a6) 6. Bb5+ {A45: Trompowsky Attack} Bd7 7. a4 (7. dxe6 $16 Bxb5 8. Bxf6) 7... Bxb5 $146 (7... Be7 $1 $14) ({Predecessor:} 7... Be7 8. Nf3 a6 9. a5 Qc7 10. Bc4 e5 11. h3 {1-0 (53) Kourek,J (2320)-Blahacek,E (2280) Czechia 1997}) 8. axb5 $16 {Strongly threatening dxe6.White is clearly better.} Nbd7 9. dxe6 fxe6 10. Nge2 h6 11. Bxf6 Nxf6 12. Nf4 $36 {[%mdl 2048] Keeping Black busy.} Kf7 13. Qd3 g5 14. Nfe2 Bg7 15. f4 Ng4 $2 (15... a6 $16) 16. Qf3 $18 Nf6 17. e5 g4 18. Qd3 (18. Qf1 $18 {is more deadly.}) 18... Ne8 $2 (18... dxe5 $16 {is a better defense.} 19. fxe5 Rhd8) 19. exd6 $2 ({White should try} 19. Rf1 $18) 19... Qxd6 (19... c4 $11 {remains equal.} 20. Qxc4 Nxd6) 20. Qe4 $16 Qc7 $2 (20... Qd7 $16) 21. f5 $18 exf5 22. Qxf5+ Nf6 $2 (22... Kg8 {was called for.} 23. O-O Qe5) 23. O-O {[#] Black must now prevent Nd5.} Rhe8 24. Nf4 $2 ({Less strong is} 24. Nd5 Qe5 $16) (24. Qh7 $18 Re6 25. Nd5) 24... Re5 $2 {[%mdl 8192]} (24... Qe5 $16 25. Qg6+ Kg8) 25. Qg6+ ({Weaker is} 25. Qd3 Kg8 $18) 25... Kg8 {White is clearly winning.} 26. Nfd5 Nxd5 27. Nxd5 Rxd5 28. Qe6+ Kh8 29. Qxd5 Rd8 30. Qe6 g3 31. Rae1 gxh2+ (31... Qd6 $142 32. Qxd6 Rxd6) 32. Kh1 Qg3 33. Rf3 Qh4 34. c3 Rd2 {Precision: White = 47%, Black = 23%.} 1-0

[Event "Vasteras Open 2018"]
[Site "Vasteras"]
[Date "2018.09.28"]
[Round "4"]
[White "Ornstein, Axel"]
[Black "Solodovnichenko, Yuri"]
[Result "0-1"]
[WhiteElo "2306"]
[BlackElo "2554"]
[Annotator "TA"]
[PlyCount "48"]
[EventDate "2018.09.28"]
[EventCountry "SWE"]
[SourceTitle "playchess.com"]
[Source "ChessBase"]
[SourceQuality "1"]

{[%evp 26,48,-7,-29,0,-25,0,-37,35,7,47,-54,-41,-77,0,7,78,-533,-504,-525,-527,-523,-502,-29997,-29998]} 1. d4 d5 2. c4 e6 3. Nc3 c6 4. e3 Nf6 5. Nf3 Nbd7 6. Bd3 dxc4 7. Bxc4 b5 8. Bd3 Bd6 9. e4 e5 10. O-O O-O 11. Bg5 h6 12. Bh4 exd4 13. Nxd4 Ne5 14. Bc2 b4 {D46: Semi-Slav: 5 e3 Nbd7 6 Bd3, Black avoids the Meran} 15. Nce2 Ba6 {[#]} 16. Re1 $146 ({Predecessor:} 16. Nf5 Bc5 17. Qe1 Re8 18. Rd1 Qc7 19. Kh1 Neg4 20. Bg3 Qc8 21. f3 Bxe2 22. Qxe2 Qxf5 23. fxg4 Qxg4 {½-½ (34) Moiseenko,A (2649)-Ivanisevic,I (2596) Zlatibor 2006}) 16... g6 ({Better is} 16... Bc5 $15) 17. Qc1 c5 18. Nf5 (18. Nf3 $1 $14) 18... gxf5 $15 19. Qxh6 {[#]} Ng6 ({Black should play} 19... Nfg4 $1 $17 {[%cal Rg4h6]} 20. Qh5 f6) 20. exf5 $11 Ng4 (20... Bxh2+ $1 $11 21. Kh1 (21. Kxh2 Ng4+ 22. Kg3 Nxh6 $17) 21... Ng4 22. Bxd8 Nxh6) 21. Qxg6+ $4 {[%mdl 8192]} (21. Bxd8 $16 {is necessary to keep the advantage.} Nxh6 22. Bg5 Nxf5 23. Bxf5) 21... fxg6 $19 22. Bxd8 Bxh2+ ({Not} 22... Rfxd8 23. Ng3 $17) (22... Raxd8 $2 23. Ng3 $19) 23. Kh1 Raxd8 24. g3 {[#]} (24. f3 $19 Ne3 25. Bb3+ c4 26. Kxh2 cxb3 27. axb3) 24... Bb7+ {Precision: White =  5%, Black = 15%.} 0-1

[Event "Vasteras Open 2018"]
[Site "Vasteras"]
[Date "2018.09.28"]
[Round "4"]
[White "Lundin, Jan"]
[Black "Miezis, Normunds"]
[Result "0-1"]
[WhiteElo "2288"]
[BlackElo "2470"]
[Annotator "TA"]
[PlyCount "79"]
[EventDate "2018.09.28"]
[EventCountry "SWE"]
[SourceTitle "playchess.com"]
[Source "ChessBase"]
[SourceQuality "1"]

{[%evp 21,79,0,28,-7,0,0,0,-26,-12,-28,-20,-13,-12,-66,-52,-53,-55,-52,-42,-56,-35,-74,-29,-60,-49,-60,-30,-18,0,0,25,0,25,16,218,0,147,-309,-311,-293,-292,-304,-242,-233,-233,-218,-183,-275,-221,-299,-317,-269,-121,-119,-120,-179,-180,-171,-152,-156]} 1. e4 c5 2. Nf3 e6 3. d4 cxd4 4. Nxd4 a6 5. Nc3 Qc7 6. g3 Bb4 7. Bd2 Nf6 8. Bg2 Nc6 9. Nxc6 dxc6 10. O-O Be7 {B43: Sicilian: Kan Variation: 5 Nc3} 11. Be3 e5 {LiveBook: 6 Games} 12. h3 (12. Na4 Nd7 13. b3 O-O 14. Bh3 b5 15. Bxd7 Bxd7 16. Nb6 Rad8 17. Nxd7 Rxd7 18. Qg4 Rfd8 19. Rfd1 Rxd1+ 20. Rxd1 g6 21. Qe2 Rxd1+ 22. Qxd1 h5 23. h4 Qd6 24. Qxd6 Bxd6 {½-½ (24) Wang,C (2468)-Bai,J (2594) Hangzhou 2018}) 12... b5 {The position is equal.} 13. f4 $146 ({Predecessor:} 13. a4 b4 14. Na2 O-O 15. c3 bxc3 16. Nxc3 Rb8 17. Qc2 Qa5 18. Na2 {½-½ (63) Schuermans,R (2143)-Maes,W (2245) Charleroi 2011}) 13... O-O 14. f5 Bb7 15. g4 h6 16. h4 b4 17. g5 (17. Na4 $11) 17... bxc3 18. gxf6 Bxf6 19. bxc3 Kh7 ({Reject} 19... Bxh4 $6 20. Qg4 $14) 20. Qh5 c5 21. Rab1 Rad8 22. Rfe1 Rd7 23. Bg5 Rfd8 24. Re3 Qc6 25. Rg3 c4 26. Be3 Qd6 27. Kh2 Qe7 $2 (27... Rc8 $11 {and Black stays safe.}) 28. Rg4 $2 ({White must play} 28. Rb6 $18) 28... Rd2 (28... Bc6 $11 {keeps the balance.}) 29. Bc5 $2 {[%mdl 8192]} (29. Rb6 $1 $16) 29... Qxc5 $19 30. Rxb7 R2d7 31. Rb1 Rg8 {aiming for ...g6.} 32. Rg3 Qf2 33. Rb4 Rc8 34. Ra4 (34. Kh3 $142) 34... Rc6 (34... Qxc2 35. Rxa6 Rg8 36. a4 $17) 35. Kh3 Qxc2 36. Rb4 {Black must now prevent Rb8.} Qf2 (36... Qxa2 37. Rb8 $16) (36... Rd3 $19 {is more deadly.} 37. Bf3 Rc7) 37. Rb8 $17 {[#] Threatening mate with Qg6+!} Bd8 $1 ({Weaker is} 37... Rd3 {[#]} 38. Qg6+ $1 {[%mdl 512]} fxg6 39. fxg6#) 38. Rxd8 (38. Qf3 $17 {was necessary.} Qd2 39. Qg4) 38... Rxd8 $19 39. Qxf7 {[%csl Gg3][%cal Rf7g7]} Rg8 40. Qd5 {Precision: White = 42%, Black = 42%.} 0-1

[Event "Vasteras Open 2018"]
[Site "Vasteras"]
[Date "2018.09.28"]
[Round "4"]
[White "Glimbrant, Torbjorn"]
[Black "Johansson, Linus"]
[Result "0-1"]
[WhiteElo "2261"]
[BlackElo "2461"]
[Annotator "TA"]
[PlyCount "82"]
[EventDate "2018.09.28"]
[EventCountry "SWE"]
[SourceTitle "playchess.com"]
[Source "ChessBase"]
[SourceQuality "1"]

{[%evp 22,82,29,17,31,25,27,27,31,13,17,18,26,16,18,28,47,18,36,33,48,51,78,85,77,79,104,113,161,14,18,0,0,-31,0,0,0,0,0,-52,-36,-49,-20,-202,-108,-411,-407,-499,-527,-506,-496,-472,-473,-828,-819,-900,-988,-941,-902,-29989,-29990,-29997,-29998]} 1. d4 Nf6 2. Nf3 e6 3. c4 b6 4. g3 Bb7 5. Bg2 Be7 6. O-O O-O 7. Nc3 Ne4 8. Qc2 Nxc3 9. Qxc3 f5 10. b3 Bf6 11. Bb2 Be4 12. Qd2 {LiveBook: 5 Games} a5 {E19: Queen's Indian: Old Main Line with 7...Ne4 8 Qc2 Nxc3 8 Qxc3} 13. Ne1 Bxg2 $146 14. Nxg2 a4 {White has an edge.} 15. Rfe1 Qe7 16. b4 {[%cal Bb3b4,Bb4b5][%mdl 32]} Nc6 17. b5 Na5 18. Qd3 Rfc8 {next ...Qb4 is good for Black.} 19. Ba3 Qf7 20. Rac1 Bg5 21. f4 Be7 22. Bxe7 Qxe7 23. e4 Qf7 {and if ...fxe4 works, Black does fine.} 24. exf5 exf5 {[#]} 25. Re5 (25. Ne3 $1 $18) 25... g6 $11 26. g4 d6 27. Rd5 {[%cal Rg4f5]} c6 28. Rxd6 {Strongly threatening bxc6.} cxb5 {[%cal Ra5c4]} 29. gxf5 gxf5 {[%cal Ra5c4]} 30. c5 (30. Rxb6 $11 Rxc4 31. Rb1) 30... Nc4 $36 {[%cal Ba5c4,Bc4e3,Be3g4][%mdl 2080] Black has some pressure.} 31. Rh6 $1 bxc5 32. Kh1 $2 {[#]} (32. dxc5 $11 Rd8 33. Qh3) 32... cxd4 (32... Qd5 $1 $19 33. Qg3+ Kh8 34. dxc5 Rg8) 33. Nh4 $2 {[%mdl 8192]} (33. Qxd4 $17 Rd8 34. Qa1) 33... Qd5+ $19 34. Nf3 Ne3 35. Rg1+ Kf8 36. Rh3 Ng4 {...Nf2+ is the strong threat.} 37. Rf1 (37. Qxd4 $142 Qxd4 38. Nxd4 Nf2+ 39. Kg2 Nxh3 40. Kxh3) 37... Rc3 38. Qe2 Re8 39. Qg2 Ree3 40. Rxh7 Rxf3 41. Rxf3 Rc1+ {Precision: White = 37%, Black = 53%.} 0-1

[Event "Vasteras Open 2018"]
[Site "Vasteras"]
[Date "2018.09.28"]
[Round "4"]
[White "Rahul Kumar, Pune"]
[Black "Lindberg, Bengt"]
[Result "0-1"]
[WhiteElo "2190"]
[BlackElo "2406"]
[Annotator "TA"]
[PlyCount "76"]
[EventDate "2018.09.28"]
[EventCountry "SWE"]
[SourceTitle "playchess.com"]
[Source "ChessBase"]
[SourceQuality "1"]

{[%evp 19,76,-2,-5,-21,-6,-32,-31,-18,-16,-51,-53,-89,-89,-89,-89,-86,-68,-68,-56,-108,-101,-121,-106,-118,-118,-113,-83,-100,-90,-248,-243,-254,-252,-412,-245,-548,-460,-449,-441,-441,-441,-433,-418,-621,-596,-6099,-5577,-5477,-5413,-29983,-29984,-29984,-29985,-29986,-29987,-29988,-29987,-29986,-29986]} 1. d4 Nf6 2. Bf4 d6 3. e3 g6 4. Nf3 Bg7 5. h3 O-O 6. Be2 Nbd7 7. O-O b6 8. c4 Bb7 9. Nc3 Ne4 10. Nxe4 Bxe4 {LiveBook: 85 Partien} 11. b4 {E61: Königsindisch (Abweichungen der Hauptvariante)} (11. Nd2 Bb7 12. Bf3 Bxf3 13. Nxf3 c5 14. Qd3 Qc7 15. Rac1 a6 16. a4 Qb7 17. Rfd1 b5 18. cxb5 cxd4 19. exd4 axb5 20. axb5 {½-½ (40) Van den Doel,E (2593)-Tiviakov,S (2583) Amsterdam 2018}) 11... e5 12. Bh2 exd4 $146 ({Vorgänger:} 12... a5 13. a3 Qe7 14. Qd2 f5 15. Rad1 Bxf3 16. Bxf3 e4 17. Be2 axb4 18. axb4 Nf6 {1-0 (32) Avetisyan,M (2079)-Ayazmali,G (1816) Prague 2016}) 13. exd4 {Schwarz steht etwas besser.} a5 14. a3 Re8 15. Re1 axb4 16. axb4 Rxa1 17. Qxa1 Bxf3 18. Bxf3 {[#]} Bxd4 $1 {[%mdl 512]} 19. Qc1 (19. Rxe8+ $15 Qxe8 20. Qd1) (19. Qxd4 Rxe1#) 19... Rxe1+ $17 20. Qxe1 Be5 21. Bd5 Bxh2+ 22. Kxh2 Kf8 23. Qc3 Qf6 24. Qa3 $2 (24. Qxf6 $17 {war angesagt.} Nxf6 25. b5) 24... Qxf2 $19 25. Qa8+ Kg7 26. Qc8 $2 (26. Qc6 Nf6 27. Bf3) 26... Nf6 (26... Qf4+ $142 27. Kh1 Nf6) 27. Qxc7 $2 (27. Bf3 {nur so!}) 27... Nxd5 28. cxd5 {[%mdl 4096] Endspiel KD-KD} Qf4+ 29. Kh1 Qxb4 30. Qc1 Qd4 31. Qc6 (31. Qb1 $142) 31... Qc5 {[#] Und weiter mit ...b5 wäre nett.} 32. Kh2 b5 {[%cal Bb6b5,Bb5b4,Bb4b3,Bb3b2][%mdl 32]} 33. Qa8 b4 34. Qc6 b3 {Schwarz setzt Matt.} 35. Qb7 Qc3 36. h4 b2 37. Qb6 Qe5+ 38. g3 Qe2+ {Precision: Weiß = 24%, Schwarz = 87%.} 0-1

[Event "Vasteras Open 2018"]
[Site "Vasteras"]
[Date "2018.09.28"]
[Round "4"]
[White "Subramanian, Aditya"]
[Black "Johannesson, Oliver"]
[Result "1/2-1/2"]
[WhiteElo "2151"]
[BlackElo "2284"]
[Annotator "TA"]
[PlyCount "41"]
[EventDate "2018.09.28"]
[EventCountry "SWE"]
[SourceTitle "playchess.com"]
[Source "ChessBase"]
[SourceQuality "1"]

{[%evp 9,41,7,20,19,10,0,0,-6,35,38,51,0,0,1,9,9,9,0,4,2,1,0,12,9,14,0,0,0,0,0,0,0,0,0]} 1. c4 e5 2. Nc3 Nc6 3. Nf3 Nf6 4. e3 Be7 5. d4 exd4 6. exd4 {A28: English Opening: Four Knights Variation} d5 7. cxd5 Nxd5 8. Qb3 (8. Bd3 O-O 9. O-O Bg4 10. Be4 Nf6 11. Bxc6 bxc6 12. h3 Bxf3 13. Qxf3 Qxd4 14. Qxc6 Bd6 15. Rd1 Qe5 16. g3 Qf5 17. Kg2 Rab8 18. Qf3 Qxf3+ 19. Kxf3 Be5 20. Rd3 {½-½ (20) Ding,L (2777)-Harikrishna,P (2744) Riadh 2017}) 8... Nxc3 $146 ({Predecessor:} 8... Ndb4 9. Bb5 O-O 10. d5 Na5 11. Qa4 c6 12. dxc6 Naxc6 13. O-O Bf5 {1-0 (57) Titz,H (2184)-Kirschner,A (2202) Gmunden 2005}) 9. bxc3 O-O 10. Be2 ({White should try} 10. Bd3 $14) 10... Na5 {The position is equal.} 11. Qc2 c5 12. O-O cxd4 13. Rd1 Qc7 14. Nxd4 a6 15. Qe4 Re8 16. Bf4 Qc5 $1 17. Nb3 Nxb3 18. axb3 Be6 19. Qxb7 Qxc3 20. Rxa6 Rxa6 21. Qxa6 {Precision: White = 52%, Black = 77%.} 1/2-1/2